000 00748nam a22001937a 4500
005 20100420141810.0
008 100420t xxu||||| |||| 00| 0 eng d
020 _c125.00
035 _aA-992749
037 _bReference
040 _aDPL
082 _a000
245 _aRanee's guide book recruitment of assistant commandantsgroup 'A' posts in CRPF,BSF,ITBP,SSB:
_bbe conducted by special selection board,mnistry of home affairs/
260 _aNew Delhi
_bRanee Publications
_c2000
270 _a12-H,New Daryaganj Road,New Delhi.
_bNew Delhi.
_e110002.
300 _avarious paging,.
_c24cm.(Hb)
942 _2ddc
_cEN
_h000
_mRAN
999 _c35370
_d35370